000
00343 a2200121 4500
001
ART_11622
005
20260410161858.0
008
260409a
245
1
0
_a
Tha state and the railways
100
1
_a
Walras, Léon
700
1
_a
Holmes, P.
773
0
_t
Journal of public economics
_g
- Vol. 13, Nº 1 (feb. 1980)
_w
REV11485
999
_c
25676
_d
25676